Essentials of physical chemistry (a textbook for B. Sc classes as per UGC model syllabus). (Record no. 64427)
[ view plain ]
| 000 -LEADER | |
|---|---|
| fixed length control field | 00501nam a22001697a 4500 |
| 003 - CONTROL NUMBER IDENTIFIER | |
| control field | NUST - PNEC |
| 005 - DATE AND TIME OF LATEST TRANSACTION | |
| control field | 20170116180842.0 |
| 008 - FIXED-LENGTH DATA ELEMENTS--GENERAL INFORMATION | |
| fixed length control field | 150822b xxu||||| |||| 00| 0 eng d |
| 020 ## - INTERNATIONAL STANDARD BOOK NUMBER | |
| International Standard Book Number | 8121929784 |
| 040 ## - CATALOGING SOURCE | |
| Transcribing agency | LIBRARY |
| 082 ## - DEWEY DECIMAL CLASSIFICATION NUMBER | |
| Classification number | 541.3 BAH |
| 100 ## - MAIN ENTRY--PERSONAL NAME | |
| 9 (RLIN) | 5404 |
| Personal name | Bahl, B. S |
| 245 ## - TITLE STATEMENT | |
| Title | Essentials of physical chemistry (a textbook for B. Sc classes as per UGC model syllabus). |
| Statement of responsibility, etc. | B.S. Bahl |
| 260 ## - PUBLICATION, DISTRIBUTION, ETC. | |
| Date of publication, distribution, etc. | c.2011 |
| 650 ## - SUBJECT ADDED ENTRY--TOPICAL TERM | |
| 9 (RLIN) | 5409 |
| Topical term or geographic name entry element | Chemistry, Physical and theoretical |
| General subdivision | ME / EE |
| 942 ## - ADDED ENTRY ELEMENTS (KOHA) | |
| Source of classification or shelving scheme | |
| Koha item type | Book |
| Withdrawn status | Lost status | Source of classification or shelving scheme | Damaged status | Not for loan | Permanent Location | Current Location | Shelving location | Date acquired | Total Checkouts | Full call number | Barcode | Date last seen | Price effective from | Koha item type | Date last checked out |
|---|---|---|---|---|---|---|---|---|---|---|---|---|---|---|---|
| Pakistan Navy Engineering College (PNEC) | Pakistan Navy Engineering College (PNEC) | 541.3 BAH | PNECLIB-030250 | 08/22/2015 | Book | ||||||||||
| Pakistan Navy Engineering College (PNEC) | Pakistan Navy Engineering College (PNEC) | 1 | 541.3 BAH | PNECLIB-030251 | 10/18/2016 | Book | 09/30/2016 | ||||||||
| Pakistan Navy Engineering College (PNEC) | Pakistan Navy Engineering College (PNEC) | 541.3 BAH | PNECLIB-012908 | 08/24/2015 | Book |
